|
|
|
|
| LEADER |
01279nam a2200325 a 4500 |
| 001 |
GR-MES61 |
| 008 |
991111s1990 nyu 000 b eng d |
| 020 |
|
|
|a 0130441082
|
| 040 |
|
|
|a GrPaTEI
|b gre
|c GR-PaULI
|
| 245 |
0 |
0 |
|a Aquaculture.
|
| 260 |
|
|
|a New York :
|b Ellis Horwood,
|c 1990 c1990
|
| 300 |
|
|
|a 536σελ. :
|b εικ., 2 τομ.
|
| 500 |
|
|
|a Περιέχει βιβλιογραφικές αναγραφές
|
| 650 |
|
0 |
|a YΔΑΤΟΚΑΛΛΙΕΡΓΕΙΑ
|
| 650 |
|
4 |
|a ΑΦΡΙΚΗ
|
| 650 |
|
4 |
|a Ευρώπη
|
| 650 |
|
4 |
|a Ιαπωνία
|
| 650 |
|
4 |
|a ΙΧΘΥΟΤΡΟΦΕΙΑ
|
| 650 |
|
4 |
|a Καλλιέργεια
|
| 650 |
|
4 |
|a ΚΙΝΑ
|
| 650 |
|
4 |
|a Ψάρια
|
| 700 |
1 |
|
|a Barnabé, G.
|q (Gilbert)
|
| 700 |
1 |
|
|a Laird, Lindsay
|
| 700 |
1 |
|
|a Solbe, L. B.
|
| 710 |
0 |
|
|a Ellis Horwood
|
| 942 |
|
|
|2 ddc
|
| 952 |
|
|
|0 0
|1 0
|2 ddc
|4 0
|6 639_800000000000000_BAR
|7 0
|9 263323
|a MSLG
|b MSLG
|c BSC
|d 2021-01-17
|e 24
|f 0
|g 0.00
|l 0
|o 639.8 BAR
|p 2420000003831
|r 2021-01-17 00:00:00
|t 1
|w 2021-01-17
|y BK15
|x 19991111 0 1
|x GrPaTEI
|
| 952 |
|
|
|0 0
|1 0
|2 ddc
|4 0
|6 639_800000000000000_BAR
|7 0
|9 263324
|a MSLG
|b MSLG
|c BSC
|d 2021-01-17
|e 24
|f 0
|g 0.00
|l 0
|o 639.8 BAR
|p 2420000003832
|r 2021-01-17 00:00:00
|t 1
|w 2021-01-17
|y BK15
|x 19991111 0 1
|x GrPaTEI
|
| 971 |
|
|
|a .b25711027
|b 15-04-20
|c 13-09-16
|
| 999 |
|
|
|c 151557
|d 151557
|